000 00457nam a2200193Ia 4500
005 20240823013518.0
008 240823s9999||||xx |||||||||||||| ||und||
041 _aENGLISH
082 _A621.381 N1
100 _aKakani S L
245 2 _aA Text Book of Electronics
250 _a1st
260 _c1991
_b"Wiley,New Delhi"
500 _aTRANSFERED
650 _aElectronics
_bElectronics
700 _a Bhandari K C
942 _cBK
999 _c167459
_d167459